| 000 | 01429nam0a22002891 4500 | ||
|---|---|---|---|
| 001 | rc\4620407 | ||
| 005 | 20250612133149.0 | ||
| 021 |
_aRU _b[60-12825] |
||
| 035 | _a(NLR Aleph) 008674450 | ||
| 090 |
_a9140261 _c9140261 |
||
| 100 | _a20130416d1960 |||y0rusy50 ca | ||
| 101 | 0 | _arus | |
| 102 | _aRU | ||
| 105 | _aa b ||||| | ||
| 200 | 1 |
_aЖивопись, скульптура, графика, театральное и прикладное искусство _eКаталог _fСвердл. отд-ние Союза художников СССР. Свердл. отд-ние Худож. фонда РСФСР. Свердл. обл. упр. культуры. Свердл. обл. худож. выставка 1959 г. |
|
| 210 |
_aСвердловск _cКн. изд-во _d1960 |
||
| 215 |
_a69, [9] с. _cил. _d22 |
||
| 300 | _aНа обл.: Свердл. обл. худож. выставка. Урал | ||
| 606 |
_aИзобразительное искусство художников Урала _xВыставки _z1959 _2psbo |
||
| 606 |
_aДекоративно-прикладное искусство художников Урала _xВыставки _z1959 _2psbo |
||
| 710 | 1 | 2 | _aСвердловская обл. художественная выставка (1959) |
| 801 | 0 |
_aRU _bNLR _gpsbo |
|
| 801 | 1 |
_aRU _bELAR _2rusmarc |
|
| 852 |
_aNLR _bЭ _jКС242/1960 |
||
| 942 | _cBOOK | ||
| 980 | _aNB | ||